[Event "Wch Blitz (Women)"]
[Site "Samarkand"]
[Date "2023.12.29"]
[Round "4"]
[White "Mammadzada, Gunay Vuqar Qizi"]
[Black "Tohirjonova, Hulkar"]
[Result "1-0"]
[WhiteElo "2449"]
[BlackElo "2158"]
[PlyCount "79"]
[EventDate "2023.12.29"]
[EventType "swiss (blitz)"]
[EventRounds "17"]
[EventCountry "UZB"]
[SourceTitle "CBM 217 Extra"]
[Source "ChessBase"]
[SourceDate "2024.01.31"]
[SourceVersion "1"]
[SourceVersionDate "2024.01.31"]
[SourceQuality "1"]

1. d4 Nf6 2. c4 e6 3. g3 d5 4. Bg2 c6 5. Nf3 Be7 6. Qc2 0-0 7. 0-0 Nbd7 8. b3 b6 9. Nc3 Bb7 10. e4 dxe4 11. Nxe4 Nxe4 12. Qxe4 Nf6 13. Qe2 c5 14. dxc5 Bxc5 15. Rd1 Qe7 16. Be3 Rad8 17. h3 h6 18. Ne5 Bxg2 19. Kxg2 Qb7+ 20. Qf3 Qxf3+ 21. Kxf3 Bxe3 22. Kxe3 Rxd1 23. Rxd1 Rc8 24. a4 Kf8 25. b4 a5 26. b5 Ke8 27. Rd6 Rb8 28. f3 Ke7 29. Rd2 Ke8 30. Rd4 Rb7 31. Kd2 Rc7 32. Rd6 Rb7 33. Kc3 Ke7 34. Rd4 Ne8 35. Nc6+ Kf8 36. Rd8 f6 37. c5 bxc5 38. Nxa5 Rc7 39. b6 Re7 40. b7 1-0

[Event "Wch Blitz (Women)"]
[Site "Samarkand"]
[Date "2023.12.29"]
[Round "5"]
[White "Tohirjonova, Hulkar"]
[Black "Kamalidenova, Meruert"]
[Result "0-1"]
[WhiteElo "2158"]
[BlackElo "2383"]
[PlyCount "86"]
[EventDate "2023.12.29"]
[EventType "swiss (blitz)"]
[EventRounds "17"]
[EventCountry "UZB"]
[SourceTitle "CBM 217 Extra"]
[Source "ChessBase"]
[SourceDate "2024.01.31"]
[SourceVersion "1"]
[SourceVersionDate "2024.01.31"]
[SourceQuality "1"]

1. e4 c5 2. Nf3 d6 3. d4 cxd4 4. Nxd4 Nf6 5. Nc3 a6 6. Be2 e5 7. Nb3 Be7 8. 0-0 0-0 9. Kh1 Nc6 10. f4 b5 11. a3 Bb7 12. f5 Rc8 13. Bf3 Nb8 14. Bg5 Nbd7 15. Qe2 h6 16. Be3 Rc4 17. Bg1 Qc7 18. Rad1 Nh7 19. Nd2 Rxc3 20. bxc3 Qxc3 21. Qd3 Rc8 22. Nb1 Qc7 23. Qb3 Ng5 24. a4 bxa4 25. Qxa4 Nf6 26. Nd2 Qxc2 27. Qb4 Qc7 28. Rc1 Qd7 29. Rxc8+ Qxc8 30. Be3 Nxf3 31. gxf3 Qd7 32. Rb1 Bc6 33. Qb8+ Kh7 34. Qa7 Qxa7 35. Bxa7 d5 36. Rc1 Bb5 37. Rc7 Bb4 38. Nb3 dxe4 39. fxe4 Nxe4 40. Rxf7 Bc6 41. Kg1 Bd5 42. Rd7 Bxb3 43. Rb7 a5 0-1

[Event "Wch Rapid (Women)"]
[Site "Samarkand"]
[Date "2023.12.27"]
[Round "6"]
[White "Khamrakulova, Iroda"]
[Black "Tohirjonova, Hulkar"]
[Result "1-0"]
[WhiteElo "2132"]
[BlackElo "2158"]
[PlyCount "73"]
[EventDate "2023.12.26"]
[EventType "swiss (rapid)"]
[EventRounds "11"]
[EventCountry "UZB"]
[SourceTitle "CBM 217 Extra"]
[Source "ChessBase"]
[SourceDate "2024.01.31"]
[SourceVersion "1"]
[SourceVersionDate "2024.01.31"]
[SourceQuality "1"]

1. Nf3 Nf6 2. d4 g6 3. Bf4 Bg7 4. h3 0-0 5. e3 d6 6. Bd3 c5 7. 0-0 Nc6 8. c3 b6 9. Nbd2 Bb7 10. a3 Rc8 11. Rc1 Re8 12. Bh2 e5 13. Bb1 e4 14. Ng5 d5 15. h4 Qd7 16. dxc5 bxc5 17. c4 h6 18. cxd5 Nxd5 19. Ngxe4 Bxb2 20. Nxc5 Qe7 21. Rc2 Nc3 22. Qg4 Qxc5 23. Rxb2 Nxb1 24. Rfxb1 Ba6 25. Ne4 Qe7 26. Nd6 Ne5 27. Nxc8 Bxc8 28. Qb4 Qf6 29. Bxe5 Qxe5 30. Qf4 Qc5 31. Rb8 a6 32. Qb4 Qc7 33. Qb6 Qc4 34. Rd1 Qxh4 35. Rc1 Qg4 36. Qc6 Bd7 37. Rxe8+ 1-0

[Event "Wch Rapid (Women)"]
[Site "Samarkand"]
[Date "2023.12.26"]
[Round "1"]
[White "Salimova, Nurgyul"]
[Black "Tohirjonova, Hulkar"]
[Result "1-0"]
[WhiteElo "2426"]
[BlackElo "2158"]
[PlyCount "75"]
[EventDate "2023.12.26"]
[EventType "swiss (rapid)"]
[EventRounds "11"]
[EventCountry "UZB"]
[SourceTitle "CBM 217 Extra"]
[Source "ChessBase"]
[SourceDate "2024.01.31"]
[SourceVersion "1"]
[SourceVersionDate "2024.01.31"]
[SourceQuality "1"]

1. d4 Nf6 2. Nf3 g6 3. g3 Bg7 4. Bg2 0-0 5. 0-0 d6 6. c4 c5 7. Nc3 Nbd7 8. b3 a6 9. Bb2 Qc7 10. Rc1 b6 11. e4 Bb7 12. Re1 cxd4 13. Nd5 Qd8 14. Bxd4 Rc8 15. Qe2 e5 16. Bb2 Nxd5 17. cxd5 b5 18. Rxc8 Qxc8 19. Bh3 Qd8 20. Ba3 Nb6 21. Bb4 f5 22. Ba5 fxe4 23. Be6+ Kh8 24. Qxe4 Qf6 25. Bxb6 Qxf3 26. Qxf3 Rxf3 27. Rc1 Rf8 28. Rc7 Ba8 29. Rd7 Rb8 30. Bc7 Re8 31. Rxd6 e4 32. Rxa6 Bd4 33. Bb6 Be5 34. d6 Bb7 35. d7 Rb8 36. Ra7 Bf6 37. d8Q+ Bxd8 38. Bd4+ 1-0